000 01544nam a2200409 i 4500
001 13364
003 KOSZ 005
005 20200427104416.0
008 070608s1970 pl a f |000 0 pol
015 _aPB 1971/845
035 _a(OCoLC)749232299
040 _aWA N
_cWA N
_dKOSZ 005/EG
041 0 _apol
046 _k1970
080 _a001
080 _a(438)
080 _a(091)
245 0 0 _aHistoria nauki polskiej.
_nT. 2 /
_cwstęp i red. Bogdan Suchodolski ; [sekr. nauk. Zofia Skubała-Tokarska] ; Polska Akademia Nauk. Zakład Historii Nauki i Techniki Polskiej Akademii Nauk.
260 _aWrocław [etc.] :
_bZakład Narodowy im. Ossolińskich. Wydawnictwo PAN,
_c1970.
300 _a479, [1] s., [65] tabl. :
_bil., err. ;
_c23 cm.
380 _aKsiążki.
388 _a1901-2000
501 _aZawiera: Barok / Henryk Barycz ; Oświecenie / Kazimierz Opałek.
658 _aNauka i badania
648 4 _a1601-1700
648 4 _a1701-1800
650 4 _aHistoria
650 4 _aNauka
648 4 _a1501-1600
700 1 2 _aBarycz, Henryk
_d(1901-1994).
_tBarok.
700 1 2 _aOpałek, Kazimierz
_d(1918-1995).
_tOświecenie.
700 1 _aSkubała-Tokarska, Zofia.
_eRedakcja
710 2 _aZakład Narodowy im. Ossolińskich
_bWydawnictwo
_4pbl.
700 1 _aSuchodolski, Bogdan
_d(1903-1992)
_eRedakcja
856 _uhttp://koha.tu.koszalin.pl/cgi-bin/koha/opac-detail.pl?biblionumber=13364
_yKatalog online BPK
942 _2UKD
_cKS
999 _c13364
_d13364